| 000 | | | 03602nac2a22002651x 450 |
| 001 | | | e01a84a1-3c9c-49ca-9965-02be9ffdce4a |
| 005 | | | 20150701144043.0 |
| 100 | ## | $a | 20150304l1918 k y0rusy50 ca |
| 101 | 0# | $a | rus |
| 102 | ## | $a | RU |
| 105 | ## | $a | y z ||||| |
| 122 | 0# | $a | d19180531 |
| 200 | 1# | $a | Проект приказа народу за подписью М. Д. Бонч-Бруевича о борьбе с немецкими частями, перешедшими демаркационную линию |
| | $j | 31 мая 1918 |
| 215 | ## | $a | 1 лист |
| 251 | ## | $c | Дело |
| 300 | ## | $a | Машинописный текст |
| 325 | ## | $a | Микрофотокопия |
| 330 | ## | $a | II. Канцелярия; А. Переписка с Наркоматами и другими учреждениями; 5. Народный Комиссариат по Военным Делам |
| 461 | #0 | $1 | 001ad6baeac-e292-4829-90d1-2f4f65796a62 |
| | $1 | 2001 |
| | $a | СОВЕТ НАРОДНЫХ КОМИССАРОВ РСФСР (СНК РСФСР) |
| | $1 | 251 |
| | $c | Фонд |
| | $1 | 852 |
| | $j | 130 |
| | $g | Р |
| 462 | #0 | $1 | 001afc5aed5-c9a9-4404-94f6-7a20e205e43c |
| | $1 | 2001 |
| | $a | 1913-1919 гг. |
| | $1 | 251 |
| | $c | Опись |
| | $1 | 852 |
| | $j | 2 |
| 600 | #1 | $a | Бонч-Бруевич |
| | $b | М. Д. |
| 601 | 01 | $3 | RU\NLR\AUTH\661074810 |
| | $a | РСФСР |
| | $b | Совет Народных Комиссаров |
| 801 | #0 | $a | RU |
| | $b | GA_RF |
| 801 | #1 | $a | RU |
| | $b | НПО Опыт |
| | $c | 20150304 |
| | $2 | rusmarc |
| 801 | #2 | $a | RU |
| | $b | ПБ им. Б.Н. Ельцина |
| | $c | 20150701 |
| | $g | RCR |
| | $2 | rusmarc |
| 852 | ## | $a | ГА РФ |
| | $j | 118 |
| 937 | ## | $d | 51794928 |
| | $h | ПБ |
| 035 | ## | $a | RuPRLIB51030173 |